| 000 | 00951nas a2200325 4500 | ||
|---|---|---|---|
| 001 | BR0900977 | ||
| 003 | BR-BrBNA | ||
| 005 | 20231205113152.0 | ||
| 007 | ta | ||
| 008 | 230509b bl.|||p| |||| 00| 00por d | ||
| 040 |
_aBR-BrBNA _bpor _cBiblioteca Nacional de Agricultura |
||
| 041 | _a(Pt) | ||
| 072 | _aF62 | ||
| 100 | 1 | _aSouza, M.J.H. de | |
| 100 | 1 | _aRamos, M.M. | |
| 100 | 1 | _aSiqueira, D.L. de | |
| 100 | 1 | _aCosta, L.C. | |
| 100 | 1 | _aLhamas, A.J.M. | |
| 100 | 1 | _aMantovani, E.C. | |
| 100 | 1 | _aCecon, P.R. | |
| 100 | 1 | _aSalomão L.C.C. | |
| 245 | 1 | _aEstresse hídrico e época de produção da lima ácida Tahiti. | |
| 650 | _aLIMA | ||
| 650 | _aPRODUÇÃO | ||
| 650 | _aESTRESSE | ||
| 650 | _aÁGUA | ||
| 773 | 0 |
_tAgriambi - Revista Brasileira de Engenharia Agrícola e Ambiental (Brazil) _xISSN 1415-4366 _g(Jan-Apr 2004), v. 8(1) p. 31-38 _wBR0900977 |
|
| 909 |
_a202311 _bLúcia _c55 _dLúcia Elande |
||
| 942 |
_2AGRIS _n0 _cANA |
||
| 999 |
_c202247 _d202247 |
||